书目信息 |
| 题名: |
教师压力管理
|
|
| 作者: | 姚立新 著 | |
| 分册: | ||
| 出版信息: | 杭州 浙江大学出版社 2005 |
|
| 页数: | 425页 | |
| 开本: | 21cm | |
| 丛书名: | ||
| 单 册: | ||
| 中图分类: | G443 | |
| 科图分类: | ||
| 主题词: | 中小学--教师心理学--研究 , 中小学 , 教师心理学 | |
| 电子资源: | ||
| ISBN: | 7-308-04406-8 | |
| 000 | 00778nam0 2200241 450 | |
| 001 | 003006761 | |
| 005 | 20061118110159.01 | |
| 010 | @a7-308-04406-8@dCNY25.00 | |
| 100 | @a20050416d2005 em y0chiy0110 ea | |
| 101 | 0 | @achi |
| 102 | @aCN@b330000 | |
| 105 | @ay z 000yy | |
| 200 | 1 | @a教师压力管理@9jiao shi ya li guan li@f姚立新著 |
| 210 | @a杭州@c浙江大学出版社@d2005 | |
| 215 | @a425页@d21cm | |
| 330 | @a本书作者历时数载,深入学校调查,在了解和掌握大量第一手资料的基础上,运用现代心理学和管理学的基本理论与方法,对中小学教师所处的压力状况进行了深入研究。 | |
| 606 | 0 | @a中小学@x教师心理学@x研究 |
| 606 | 0 | @a中小学 |
| 606 | 0 | @a教师心理学 |
| 690 | @aG443@v4 | |
| 701 | 0 | @a姚立新@9yao li xin@c(教育)@4著 |
| 801 | 0 | @aCN@bNLC@c20061118 |
| 905 | @a10447@dG443@e128 | |
| 教师压力管理/姚立新著.-杭州:浙江大学出版社,2005 |
| 425页;21cm |
| ISBN 7-308-04406-8:CNY25.00 |
| 本书作者历时数载,深入学校调查,在了解和掌握大量第一手资料的基础上,运用现代心理学和管理学的基本理论与方法,对中小学教师所处的压力状况进行了深入研究。 |
| ● |
| 相关链接 |
|
|
|
|
正题名:教师压力管理
索取号:G443/128
 
预约/预借
| 序号 | 登录号 | 条形码 | 馆藏地/架位号 | 状态 | 备注 |
| 1 | 0392021 | 203920212 | 第一样本阅览室/ [索取号:G443/128] | 在馆 | |
| 2 | 0392022 | 203920221 | 第四借阅区/ [索取号:G443/128] | 在馆 | |
| 3 | 0392023 | 203920230 | 第四借阅区/ [索取号:G443/128] | 在馆 | |
| 4 | 0392024 | 203920249 | 第四借阅区/ [索取号:G443/128] | 在馆 | |
| 5 | 0392025 | 203920258 | 第四借阅区/ [索取号:G443/128] | 在馆 |